[Event "Corsica Masters Rapid"]
[Site "Bastia FRA"]
[Date "2001.10.29"]
[Round "1.1"]
[White "Lautier, J."]
[Black "Barsov, A."]
[Result "1/2-1/2"]
[WhiteElo "2653"]
[BlackElo "2525"]
[PlyCount "49"]
[EventDate "2001.10.29"]

1. d4 e6 2. c4 Nf6 3. Nc3 Bb4 4. e3 O-O 5. Bd3 d5 6. Nf3 c5 7. O-O cxd4 8. exd4
dxc4 9. Bxc4 a6 10. a4 Nc6 11. Bg5 h6 12. Bh4 Be7 13. Re1 Nd5 14. Bg3 Nb6 15.
Bd3 Bf6 16. Ne4 Be7 17. Rc1 f5 18. Nc5 f4 19. Nxe6 Bxe6 20. Rxe6 fxg3 21. hxg3
Bf6 22. d5 Nb4 23. Be4 Rc8 24. Rxc8 Nxc8 25. d6 1/2-1/2

[Event "Corsica Masters Rapid"]
[Site "Bastia FRA"]
[Date "2001.10.29"]
[Round "1.2"]
[White "Tkachiev, V."]
[Black "Shneider, A."]
[Result "1/2-1/2"]
[WhiteElo "2632"]
[BlackElo "2506"]
[PlyCount "82"]
[EventDate "2001.10.29"]

1. d4 Nf6 2. c4 e6 3. Nf3 b6 4. a3 Ba6 5. Qc2 Bb7 6. Nc3 c5 7. e4 cxd4 8. Nxd4
Bc5 9. Nb3 Nc6 10. Bg5 h6 11. Bh4 Nd4 12. Nxd4 Bxd4 13. Bd3 Qb8 14. Bg3 Be5 15.
O-O-O O-O 16. Kb1 a6 17. Rhe1 Rc8 18. Qd2 d6 19. Bxe5 dxe5 20. f3 Rd8 21. Qe3
Bc6 22. Rd2 Qc7 23. Red1 Rd7 24. Be2 Rad8 25. Rxd7 Rxd7 26. c5 Rxd1+ 27. Bxd1
bxc5 28. Qxc5 Nd7 29. Qc4 Qb6 30. Ka2 a5 31. Ba4 Bxa4 32. Qxa4 Nf6 33. Qb5 Qg1
34. g3 Qxh2 35. Qxe5 Qg2 36. Qb8+ Kh7 37. Qf4 e5 38. Qf5+ Kg8 39. Qc8+ Kh7 40.
Qf5+ Kg8 41. Qc8+ Kh7 1/2-1/2

[Event "Corsica Masters Rapid"]
[Site "Bastia FRA"]
[Date "2001.10.29"]
[Round "1.3"]
[White "Gurevich, M."]
[Black "Tiviakov, S."]
[Result "0-1"]
[WhiteElo "2605"]
[BlackElo "2599"]
[PlyCount "126"]
[EventDate "2001.10.29"]

1. c4 e5 2. Nc3 Nf6 3. Nf3 Nc6 4. a3 g6 5. g3 Bg7 6. Bg2 O-O 7. O-O d6 8. d3
Re8 9. e3 Be6 10. h3 h6 11. e4 Kh7 12. Be3 Ne7 13. b4 c6 14. Qe2 d5 15. exd5
cxd5 16. Bc5 Nc6 17. cxd5 Nxd5 18. Ne4 b6 19. Be3 Nd4 20. Bxd4 exd4 21. Qd2 Rc8
22. Rfe1 Nc3 23. h4 Bf5 24. Nh2 Bxe4 25. dxe4 d3 26. Kh1 Nxe4 27. Bxe4 Bxa1 28.
Ng4 Bg7 29. h5 Qg5 30. hxg6+ fxg6 31. Qxd3 Qxg4 32. Kg2 Rcd8 33. Qc2 Rxe4 34.
Rxe4 Qf5 35. Qc4 Qd5 36. Qxd5 Rxd5 37. Re7 a5 38. Re6 axb4 39. axb4 Rb5 40. Re4
Bc3 41. Rc4 Bxb4 42. Rc7+ Kg8 43. Kf3 Bf8 44. Ke4 Rc5 45. Rb7 b5 46. f4 h5 47.
Kd4 Rf5 48. Ke4 b4 49. Rb6 Kg7 50. Rb7+ Rf7 51. Rb8 Re7+ 52. Kf3 Kf7 53. Kg2
Re3 54. Rb7+ Be7 55. Rb5 b3 56. Kf2 Rc3 57. Kg2 Rc2+ 58. Kh3 b2 59. f5 gxf5 60.
Rxf5+ Bf6 61. Rb5 Rc1 62. Rb7+ Kg6 63. g4 hxg4+ 0-1

[Event "Corsica Masters Rapid"]
[Site "Bastia FRA"]
[Date "2001.10.29"]
[Round "1.3"]
[White "Shneider, A."]
[Black "Tkachiev, V."]
[Result "0-1"]
[WhiteElo "2506"]
[BlackElo "2632"]
[PlyCount "74"]
[EventDate "2001.10.29"]

1. c4 e5 2. Nc3 Nf6 3. g3 Bb4 4. Bg2 O-O 5. Nf3 Re8 6. O-O Bxc3 7. bxc3 Nc6 8.
d3 e4 9. Nd4 exd3 10. exd3 Nxd4 11. cxd4 d5 12. Bg5 h6 13. Bf4 c6 14. Qb3 b6
15. Rfe1 Be6 16. c5 b5 17. a4 a6 18. h3 Qd7 19. Kh2 Nh7 20. Re5 Nf8 21. Ree1
Bf5 22. Bd6 Rxe1 23. Rxe1 Re8 24. Rxe8 Qxe8 25. axb5 axb5 26. g4 Bd7 27. f4 f5
28. Qd1 Qe3 29. Be5 Ng6 30. gxf5 Bxf5 31. Qf1 Qxd3 32. Qxd3 Bxd3 33. Bc7 Nh4
34. Bh1 Nf5 35. Ba5 Nxd4 36. Kg3 Nf5+ 37. Kf2 Be4 0-1

[Event "Corsica Masters Rapid"]
[Site "Bastia FRA"]
[Date "2001.10.30"]
[Round "2.1"]
[White "Tkachiev, V."]
[Black "Chernin, A."]
[Result "0-1"]
[WhiteElo "2632"]
[BlackElo "2592"]
[PlyCount "72"]
[EventDate "2001.10.29"]

1. d4 d5 2. c4 c6 3. Nc3 Nf6 4. e3 Bg4 5. f3 Bd7 6. Bd3 e6 7. e4 c5 8. cxd5
cxd4 9. Nce2 e5 10. f4 Ng4 11. Nf3 Bb4+ 12. Kf1 exf4 13. Nexd4 Bc5 14. h3 Ne3+
15. Bxe3 fxe3 16. Qc1 Qb6 17. Nb3 Na6 18. Ke2 Rc8 19. Qc3 O-O 20. Ne5 Ba4 21.
Nc4 Qg6 22. g4 Bxb3 23. axb3 Nb4 24. Raf1 Qa6 25. Ra1 Qg6 26. Raf1 Qa6 27. Ra1
Qh6 28. Raf1 b5 29. Ne5 Be7 30. Qd4 Bc5 31. Qc3 Be7 32. Qd4 Nc2 33. Qxa7 Bc5
34. Qd7 Nd4+ 35. Kd1 e2+ 36. Bxe2 Bb4 0-1

[Event "Corsica Masters Rapid"]
[Site "Bastia FRA"]
[Date "2001.10.30"]
[Round "2.1"]
[White "Rublevsky, S."]
[Black "Lautier, J."]
[Result "1/2-1/2"]
[WhiteElo "2634"]
[BlackElo "2653"]
[PlyCount "40"]
[EventDate "2001.10.29"]

1. e4 e5 2. Nf3 Nc6 3. d4 exd4 4. Nxd4 Bc5 5. Nxc6 Qf6 6. Qd2 bxc6 7. Nc3 Ne7
8. Na4 Bb6 9. Bd3 O-O 10. O-O d6 11. Rb1 Ng6 12. Kh1 Ne5 13. Be2 Qh4 14. Qf4
Qxf4 15. Bxf4 Re8 16. f3 f5 17. Bxe5 Rxe5 18. Bc4+ Kh8 19. Nxb6 axb6 20. Rbe1
f4 1/2-1/2

[Event "Corsica Masters Rapid"]
[Site "Bastia FRA"]
[Date "2001.10.30"]
[Round "2.1"]
[White "Tiviakov, S."]
[Black "Glek, I."]
[Result "1/2-1/2"]
[WhiteElo "2599"]
[BlackElo "2590"]
[PlyCount "68"]
[EventDate "2001.10.29"]

1. e4 e6 2. d4 d5 3. Nd2 c5 4. exd5 Qxd5 5. Ngf3 cxd4 6. Bc4 Qd6 7. O-O Nf6 8.
Nb3 Nc6 9. Nbxd4 Nxd4 10. Nxd4 a6 11. Bb3 Bd7 12. c3 O-O-O 13. Bg5 Qc5 14. Bxf6
gxf6 15. Qf3 Qg5 16. Rad1 Bc5 17. Bc2 f5 18. g3 Qg4 19. Qxg4 fxg4 20. Rfe1 h5
21. Be4 h4 22. Rd2 hxg3 23. hxg3 Kc7 24. Red1 Bc8 25. Bg2 Bb6 26. Nc2 Rxd2 27.
Rxd2 Rd8 28. Rxd8 Kxd8 29. Kf1 Kc7 30. Ke2 f5 31. Ne3 Bc5 32. f3 gxf3+ 33. Bxf3
b5 34. Ke1 Bf8 1/2-1/2

[Event "Corsica Masters Rapid"]
[Site "Bastia FRA"]
[Date "2001.10.30"]
[Round "2.2"]
[White "Chernin, A."]
[Black "Tkachiev, V."]
[Result "1/2-1/2"]
[WhiteElo "2592"]
[BlackElo "2632"]
[PlyCount "123"]
[EventDate "2001.10.29"]

1. c4 g6 2. Nc3 Bg7 3. g3 Nf6 4. Bg2 O-O 5. d3 d6 6. Nf3 e5 7. O-O a5 8. h3 Re8
9. e4 Na6 10. Be3 c6 11. Re1 Be6 12. Ng5 Bd7 13. d4 exd4 14. Bxd4 c5 15. Bxf6
Bxf6 16. Nf3 Bc6 17. Qc2 a4 18. a3 Nc7 19. Rad1 Qe7 20. Bf1 Bg7 21. Bd3 Qf6 22.
Kg2 Re7 23. Re2 Bd7 24. Nh2 h5 25. h4 Ree8 26. Qc1 Ne6 27. Nd5 Qd8 28. Nf3 Nd4
29. Nxd4 Bxd4 30. Qg5 Bc6 31. Qxd8 Raxd8 32. Rde1 Kg7 33. Nc7 Rf8 34. f3 Rc8
35. Nd5 Rb8 36. Nc3 Rfe8 37. Nb5 Bxb5 38. cxb5 Re7 39. f4 Rbe8 40. Kf3 b6 41.
Bc4 f5 42. exf5 Rxe2 43. Rxe2 Rxe2 44. Bxe2 d5 45. fxg6 Bxb2 46. Bd1 Bxa3 47.
f5 c4 48. Bxa4 Kf6 49. g4 hxg4+ 50. Kxg4 Bc1 51. Kf3 Bh6 52. Bc2 Ke5 53. Bb1
Bg7 54. h5 d4 55. Ba2 c3 56. Bb1 Kd5 57. Bd3 Ke5 58. Kg4 Bh6 59. Kf3 Bg5 60.
Kg4 Bh6 61. Kf3 Kf6 62. Ke4 1/2-1/2

[Event "Corsica Masters Rapid"]
[Site "Bastia FRA"]
[Date "2001.10.30"]
[Round "2.2"]
[White "Glek, I."]
[Black "Tiviakov, S."]
[Result "1/2-1/2"]
[WhiteElo "2590"]
[BlackElo "2599"]
[PlyCount "110"]
[EventDate "2001.10.29"]

1. e4 c5 2. Nf3 Nc6 3. Bb5 d6 4. c3 Nf6 5. Qe2 Bd7 6. d4 cxd4 7. cxd4 a6 8.
Bxc6 Bxc6 9. d5 Bb5 10. Qe3 g6 11. Nc3 Bd7 12. O-O Bg7 13. h3 O-O 14. Re1 Qa5
15. Qe2 Rfc8 16. Be3 b5 17. a3 b4 18. axb4 Qxb4 19. Bd4 a5 20. Rad1 Rab8 21.
Rd2 Bh6 22. Be3 Bxe3 23. Qxe3 a4 24. Ra1 Qc5 25. Qxc5 Rxc5 26. e5 dxe5 27. Nxe5
Be8 28. Nc6 Rb7 29. Rxa4 Bxc6 30. dxc6 Rxc6 31. Ne4 Nd7 32. Rad4 Nb6 33. Rb4
Rbc7 34. g3 Kg7 35. Kg2 Nc4 36. Re2 h6 37. h4 Ne5 38. Rb3 e6 39. Rbe3 Nc4 40.
Rc3 Nb6 41. Rec2 Rxc3 42. Rxc3 Rd7 43. Rc2 Rd4 44. Nc5 Nd5 45. Re2 Rc4 46. Ne4
Rb4 47. Nc5 Kf8 48. Rc2 Ke7 49. Nd3 Rb3 50. Ne5 Rb5 51. Nc6+ Kd6 52. Nd4 Rb6
53. Ne2 e5 54. Nc3 Nxc3 55. bxc3 Rc6 1/2-1/2

[Event "Corsica Masters Rapid"]
[Site "Bastia FRA"]
[Date "2001.10.30"]
[Round "3.1"]
[White "Anand, V."]
[Black "Tiviakov, S."]
[Result "1-0"]
[WhiteElo "2770"]
[BlackElo "2599"]
[PlyCount "79"]
[EventDate "2001.10.29"]

1. e4 c5 2. Nf3 Nc6 3. Nc3 g6 4. d4 cxd4 5. Nxd4 Bg7 6. Be3 Nf6 7. Bc4 O-O 8.
Bb3 a5 9. O-O d6 10. Ndb5 Be6 11. h3 Nd7 12. Re1 Bxb3 13. axb3 Nc5 14. Qd2 b6
15. Bh6 Bxh6 16. Qxh6 Nb4 17. Re2 Qd7 18. Rd1 f6 19. f4 a4 20. e5 axb3 21. cxb3
fxe5 22. fxe5 Nbd3 23. exd6 exd6 24. b4 Nf4 25. Red2 Ne4 26. Nxe4 Qxb5 27. Rxd6
Qe2 28. Nf6+ Rxf6 29. Rd8+ Qe8 30. Rxe8+ Rxe8 31. Rd7 Ne2+ 32. Kh2 Rf7 33. Rxf7
Kxf7 34. Qxh7+ Kf6 35. Qh4+ Kg7 36. Qc4 Kf6 37. b5 g5 38. g3 Re3 39. Kg2 Nxg3
40. Qd4+ 1-0

[Event "Corsica Masters Rapid"]
[Site "Bastia FRA"]
[Date "2001.10.30"]
[Round "3.2"]
[White "Lautier, J."]
[Black "Chernin, A."]
[Result "1/2-1/2"]
[WhiteElo "2653"]
[BlackElo "2592"]
[PlyCount "141"]
[EventDate "2001.10.29"]

1. d4 d5 2. c4 c6 3. Nf3 Nf6 4. e3 Bg4 5. h3 Bh5 6. Nc3 e6 7. g4 Bg6 8. Ne5
Nbd7 9. h4 dxc4 10. Nxg6 hxg6 11. Bxc4 Nd5 12. g5 Be7 13. Qf3 N7b6 14. Bb3 Nb4
15. Ke2 c5 16. Qxb7 cxd4 17. exd4 Qxd4 18. Qe4 Qxe4+ 19. Nxe4 N4d5 20. Bd2 Bb4
21. Bxb4 Nxb4 22. Rac1 N4d5 23. Kf3 Ke7 24. Rc5 Rhc8 25. Ra5 Nb4 26. Rd1 Nc6
27. Rc5 Nd7 28. Rb5 Rab8 29. Rxb8 Ncxb8 30. Rd4 Nb6 31. Nc3 Nc6 32. Rd2 Ne5+
33. Kg3 Nec4 34. Re2 a6 35. Ne4 Nd6 36. Nxd6 Kxd6 37. Rd2+ Ke7 38. Rd4 a5 39.
Re4 Rc5 40. f4 Nc8 41. Kg4 Nd6 42. Re1 Nf5 43. h5 gxh5+ 44. Kxh5 g6+ 45. Kg4
Nd4 46. Re3 Rc1 47. Rd3 Nf5 48. Ba4 Nd6 49. Kf3 Rc4 50. Bd1 Rb4 51. b3 Nf5 52.
Rc3 Kd6 53. Rc8 Kd7 54. Ra8 Rb5 55. Ra7+ Ke8 56. Kf2 Nd4 57. Ke3 Nf5+ 58. Ke4
Nd6+ 59. Kf3 Nf5 60. Kf2 Nd4 61. Bg4 Rc5 62. Ke3 Nc2+ 63. Kd2 Nb4 64. a3 Nd5
65. Bf3 Nxf4 66. b4 axb4 67. axb4 Rxg5 68. b5 Nd5 69. Rb7 Kf8 70. Rd7 Nb6 71.
Rd8+ 1/2-1/2

[Event "Corsica Masters Rapid"]
[Site "Bastia"]
[Date "2001.10.31"]
[Round "4.1"]
[White "Anand, V."]
[Black "Chernin, A."]
[Result "1/2-1/2"]
[WhiteElo "2770"]
[BlackElo "2653"]
[PlyCount "87"]
[EventDate "2001.??.??"]
[WhiteTeam "France"]
[BlackTeam "Russia"]
[WhiteTeamCountry "FRA"]
[BlackTeamCountry "RUS"]

1. e4 g6 2. d4 Bg7 3. Nc3 d6 4. Be3 a6 5. Nf3 Nf6 6. Qd2 b5 7. Bh6 O-O 8. Bxg7
Kxg7 9. Bd3 Nc6 10. h3 e5 11. d5 Ne7 12. O-O Bb7 13. a4 c6 14. dxc6 Bxc6 15.
axb5 axb5 16. Rxa8 Qxa8 17. Bxb5 Bxb5 18. Nxb5 Nxe4 19. Qd3 Qc6 20. Rd1 Rb8 21.
c4 Rb6 22. b3 Ra6 23. Qe2 f6 24. Nfd4 exd4 25. f3 d5 26. fxe4 dxc4 27. Nxd4 Qb6
28. Qxc4 Nc6 29. Qxc6 Qxc6 30. Nxc6 Rxc6 31. Rb1 Re6 32. b4 Rxe4 33. b5 Re7 34.
Kf2 Kf7 35. b6 Rb7 36. Ke3 Ke6 37. Kd4 Kd6 38. h4 Kc6 39. Kc4 f5 40. Rb2 Rxb6
41. Rxb6+ Kxb6 42. Kd5 Kc7 43. Ke6 f4 44. Ke5 1/2-1/2

[Event "Corsica Masters Rapid"]
[Site "Bastia"]
[Date "2001.10.31"]
[Round "4.2"]
[White "Chernin, A."]
[Black "Anand, V."]
[Result "1/2-1/2"]
[WhiteElo "2599"]
[BlackElo "2770"]
[PlyCount "44"]
[EventDate "2001.??.??"]
[WhiteTeam "Hungary"]
[BlackTeam "India"]
[WhiteTeamCountry "HUN"]
[BlackTeamCountry "IND"]

1. c4 e5 2. Nc3 Nf6 3. Nf3 Nc6 4. g3 Bb4 5. Nd5 Bc5 6. Bg2 O-O 7. O-O d6 8. a3
Nxd5 9. cxd5 Nd4 10. Nxd4 Bxd4 11. e3 Bb6 12. a4 a5 13. d3 Bf5 14. Qc2 Qd7 15.
Bd2 Bh3 16. b4 Bxg2 17. Kxg2 axb4 18. Bxb4 Ba5 19. Rab1 Bb6 20. Ra1 Ba5 21.
Rab1 Bb6 22. Ra1 Ba5 1/2-1/2